000 00636cam a2200193 a 4500
001 13383211
003 GBCCL
005 20251201140830.0
008 031024m18391840ii 000 0 urd
040 _aDLC
_cDLC
_dDLC
082 _a220.591439
_bURD 1
245 _aKita'b I Muqaddas ya'ni' Pura'na' aur Naya 'Ahdna'ma (The Holy Bible In Urdu)
260 _aLondon:
_bBritish and Foreign Bible Society,
_c1957
300 _aiii,882, iii,266 p.;
_c20 cm.
500 _a"Translated from the Greek by the Calcutta Baptist Missionaries."
650 _aBible
_xUrdu
_912355
710 2 _aBaptist Missionary Society.
_912356
942 _2ddc
_cLAN
999 _c6936
_d6936